| 000 | 00708cam a2200181 4500 | ||
|---|---|---|---|
| 001 | WS107641 | ||
| 008 | 000000n 000 0 eng u | ||
| 035 | _a(Sirsi) u107641 | ||
| 110 |
_aWelsh Development Agency _92230 |
||
| 245 | _aWelsh Development Agency | ||
| 520 | _aHome page for the WDA which was set up to help companies investing in Wales to grow and prosper in a competitive environment. Includes details of regional initiatives, business services, relocation services and capital programmes. | ||
| 650 | _aWALES | ||
| 650 | _aRELOCATION | ||
| 650 | _aGRANTS | ||
| 690 | _aLOCAL GOVERNMENT | ||
| 856 | 4 | 0 |
_uhttps://www.wda.co.uk _zView the website free of charge at www.wda.co.uk... |
| 942 | _n0 | ||
| 999 |
_c119575 _d119575 |
||